00239nam a2200085Ia 4500008004100000100001900041245004600060250000800106260003900114191201s2012 xx 000 0 und d aROGERS,David F 0aProcedural Elements for Computer Graphics aRep c2012bTata mc Graw HillaNEW DELHI